00389nam a22001457a 4500003000400000008004100004020001800045082001400063100001800077245008700095250001300182260002900195300001100224650000800235OSt240507b |||||||| |||| 00| 0 eng d a9789354246326 a519.5 SHS aSHARMA, Seema aStatistic for Business and Economics : Using Microsoft Excel & Powered by IBM-SPSS a3rd. ed. aNew Delhi,bWiley,c2022 a526 p. aMBA